Responses for show #3002 - Tuesday, September 23, 1997

Contestants

[<< previous game]

Bob Willoughby, a computer programming student from Madison, Wisconsin

Ann Jackman, a film editor originally from Villanova, Pennsylvania

Jon Bourgault, a law student from Brooklyn, New York (whose 1-day cash winnings total $10,001)

[next game >>]

Jeopardy! Round responses

BODIES OF WATER
APPROXIMATE WEIGHTS & MEASURES
ATHLETES
THE 1940s
"SON"NY
CHER FILMS
    $100 21
the Pacific

Ann
    $100 1
a little dab

Bob
    $100 26
Martina Navratilova

Jon
    $100 16
Winston Churchill

Jon
    $100 2
arson

Bob
    $100 5
Moonstruck

Bob
    $400 22
Lake Ontario

Ann
    $200 12
a lump

Bob
    $200 27
Joe DiMaggio

Ann
    $200 17
Texas

Ann
    $200 3
masonry

Jon
    $200 6
Silkwood

Ann
    $300 23
Scotland

Jon
    $300 13
a tablespoon

Jon
    $300 28
hitting below the belt

Jon
    $300 18
the Polaroid camera

Ann
    $300 4
persona

Ann
    $300 7
The Witches of Eastwick

Bob
    $400 24
Turkey

Bob
    $400 14
plenty

Bob
    $400 29
Scottie Pippen

Triple Stumper
    $400 19
(Jon: What is the Von Bismarck?)
...
(Alex: It was always referred to as the Bismarck, without the "Von.")

the Bismarck

JonBob
    $400 10
caisson

Triple Stumper
    $400 8
Mask

Bob
    $500 25
the Tasman Sea

Bob
    $500 15
(Alex: Boy, you're off and running in good shape here today, Bob!)

miles

Bob
    $500 30
the U.S. Open

Triple Stumper
    $500 20
Bikini

Bob
    $500 11
jettison

Bob
    $500 9
(Ann: What is Unfaithful?)

Faithful

Ann
Triple Stumper

Scores at the first commercial break (after clue 15):

Jon Ann Bob
$500 $0 $2,600

Scores at the end of the Jeopardy! Round:

Jon Ann Bob
$900 $1,200 $4,400

Double Jeopardy! Round responses

THAT'S MY BOY!
GIRL GROUPS
PLANTS & TREES
MEDICAL SPECIALTIES
LANGUAGES
SHAKESPEARE'S FIRST WORDS
(Alex: I'll give you the words, you tell me the play.)
    $200 15
Solomon

Ann
    $200 11
"Salt"

Ann
    $200 21
a cactus

Jon
    $200 26
cardiologist

Bob
    $200 1
Chinese

Ann
    $200 6
Romeo and Juliet

Bob
    $400 16
Greece

Jon
    $400 12
The Supremes

Jon
    $400 22
a walnut

Bob
    $400 27
dermatology

Bob
    $400 2
Dutch

Bob
    $400 7
[Alex imitates a witch while reading the clue.]

Macbeth

Bob
    $600 18
(Ann: What is Denmark?)

Norway

JonAnn
    $600 13
Lollapalooza

Ann
    $600 23
the buckeye

Jon
    $600 28
psychiatry

Bob
    $600 3
Russian

Jon
    $600 8
(Jon: What is The Merchant of Venice?)

The Tempest

Jon
Triple Stumper
    $800 19
Brazil

Jon
    $1,500 14
The Spice Girls ("Wannabe")

Ann
    $800 24
eucalyptus

Ann
    $800 29
(Jon: What is epidemiology?) [Later judged correct]
(Bob: What is oncology?)
(Ann: What is onthology?)

pathology

Jon
    $800 4
(Bob: What is Spanish?)
...
(Alex: Formerly British Honduras.)

English

Bob
Triple Stumper
    $800 9
Henry V

Ann
    $1000 20
(Alex: You counted off all the previous ten and come up with him!)

King Fahd

Bob
    $1000 17
(Bob: What is "My Guy"?)

"My Boyfriend's Back"

Bob
Triple Stumper
    $500 25
(Ann: I don't know.)
...
(Alex: We have less than a minute to go.)

philodendron

Ann
    $1000 30
gastroenterology

Jon
    $1000 5
Italian

Bob
    $1000 10
Much Ado About Nothing

Ann

Scores at the end of the Double Jeopardy! Round:

Jon Ann Bob
$5,700 $5,400 $7,200

[wagering suggestions for these scores]

Final Jeopardy! Round responses

HISTORIC GEOGRAPHY
(Alex: "It wasn't holy, it wasn't Roman and it wasn't an empire.")
AnnWhat is ?
$5,300
JonWhat is the Holy Roman Empire
$5,700
BobWhat is the Holy Roman Empire?
$4,201
the Holy Roman Empire

Final scores:

Jon Ann Bob
$11,400 $100 $11,401
2nd place: Trip to Madrid, Spain 3rd place: Monorail Desktop PC New champion: $11,401

Game dynamics:

Coryat scores:

Jon Ann Bob
$5,700 $5,000 $7,200
15 R,
2 W
15 R
(including 2 DDs),
3 W
(including 1 DD)
22 R,
2 W

Combined Coryat: $17,900

The J! Archive is created by fans, for fans. The Jeopardy! game show and all elements thereof, including but not limited to copyright and trademark thereto, are the property of Jeopardy Productions, Inc. and are protected under law. This website is not affiliated with, sponsored by, or operated by Jeopardy Productions, Inc. Join the discussion at JBoard.tv.